<?xml version="1.0" encoding="UTF-8"?>
<record
    xmlns:xsi="http://www.w3.org/2001/XMLSchema-instance"
    xsi:schemaLocation="http://www.loc.gov/MARC21/slim http://www.loc.gov/standards/marcxml/schema/MARC21slim.xsd"
    xmlns="http://www.loc.gov/MARC21/slim">

  <leader>00871nam a22001457a 4500</leader>
  <controlfield tag="008">120618t        xxu||||| |||| 00| 0 eng d</controlfield>
  <datafield tag="020" ind1=" " ind2=" ">
    <subfield code="a">0070004994</subfield>
  </datafield>
  <datafield tag="082" ind1=" " ind2=" ">
    <subfield code="a">HV9950.AD353</subfield>
  </datafield>
  <datafield tag="100" ind1=" " ind2=" ">
    <subfield code="a">Adier, Freda</subfield>
  </datafield>
  <datafield tag="245" ind1=" " ind2=" ">
    <subfield code="a">Criminal justice: the core. /</subfield>
    <subfield code="c">Freda Adler</subfield>
  </datafield>
  <datafield tag="260" ind1=" " ind2=" ">
    <subfield code="a">Boston,</subfield>
    <subfield code="b">McGraw-Hill</subfield>
    <subfield code="c">1996</subfield>
  </datafield>
  <datafield tag="300" ind1=" " ind2=" ">
    <subfield code="a">xix,404 p.:</subfield>
    <subfield code="c">25cm.</subfield>
  </datafield>
  <datafield tag="505" ind1=" " ind2=" ">
    <subfield code="a">Contents: The Universe of crime and justice -- Crime and criminals -- History and organization of the police -- Police functions -- Police officers and their lifestyles -- The Origin and role of the courts -- Lawyers and judges -- Prosecution and adjudication -- Sentencing -- Corrections:yesterday and today -- Institutional corrections -- Alternatives: community corrections -- Juvenile justice -- Appendix: The Constitution of the United States of America -- Glossary -- Acknowledgements -- Indexes.</subfield>
  </datafield>
  <datafield tag="942" ind1=" " ind2=" ">
    <subfield code="2">lcc</subfield>
    <subfield code="c">BK</subfield>
  </datafield>
  <datafield tag="999" ind1=" " ind2=" ">
    <subfield code="c">1406</subfield>
    <subfield code="d">8906</subfield>
  </datafield>
  <datafield tag="952" ind1=" " ind2=" ">
    <subfield code="0">0</subfield>
    <subfield code="1">0</subfield>
    <subfield code="2">lcc</subfield>
    <subfield code="4">0</subfield>
    <subfield code="7">0</subfield>
    <subfield code="a">WIUC-1</subfield>
    <subfield code="b">WIUC-1</subfield>
    <subfield code="d">2012-06-18</subfield>
    <subfield code="l">0</subfield>
    <subfield code="o">HV9950.Ad353</subfield>
    <subfield code="p">3884/12</subfield>
    <subfield code="r">2012-06-18 00:00:00</subfield>
    <subfield code="t">1</subfield>
    <subfield code="w">2012-06-18</subfield>
    <subfield code="y">BK</subfield>
  </datafield>
  <datafield tag="952" ind1=" " ind2=" ">
    <subfield code="0">0</subfield>
    <subfield code="1">0</subfield>
    <subfield code="2">lcc</subfield>
    <subfield code="4">0</subfield>
    <subfield code="7">0</subfield>
    <subfield code="a">WIUC-1</subfield>
    <subfield code="b">WIUC-1</subfield>
    <subfield code="d">2012-06-18</subfield>
    <subfield code="l">0</subfield>
    <subfield code="o">HV9950.Ad3531</subfield>
    <subfield code="p">3885/12</subfield>
    <subfield code="r">2012-06-18 00:00:00</subfield>
    <subfield code="t">2</subfield>
    <subfield code="w">2012-06-18</subfield>
    <subfield code="y">BK</subfield>
  </datafield>
  <datafield tag="952" ind1=" " ind2=" ">
    <subfield code="0">0</subfield>
    <subfield code="1">0</subfield>
    <subfield code="2">lcc</subfield>
    <subfield code="4">0</subfield>
    <subfield code="7">0</subfield>
    <subfield code="a">WIUC-1</subfield>
    <subfield code="b">WIUC-1</subfield>
    <subfield code="d">2012-06-18</subfield>
    <subfield code="l">0</subfield>
    <subfield code="o">HV9950.Ad3532</subfield>
    <subfield code="p">3886/12</subfield>
    <subfield code="r">2012-06-18 00:00:00</subfield>
    <subfield code="t">3</subfield>
    <subfield code="w">2012-06-18</subfield>
    <subfield code="y">BK</subfield>
  </datafield>
  <datafield tag="952" ind1=" " ind2=" ">
    <subfield code="0">0</subfield>
    <subfield code="1">0</subfield>
    <subfield code="2">lcc</subfield>
    <subfield code="4">0</subfield>
    <subfield code="7">0</subfield>
    <subfield code="a">WIUC-1</subfield>
    <subfield code="b">WIUC-1</subfield>
    <subfield code="d">2012-06-18</subfield>
    <subfield code="l">0</subfield>
    <subfield code="o">HV9950.Ad3533</subfield>
    <subfield code="p">3887/12</subfield>
    <subfield code="r">2012-06-18 00:00:00</subfield>
    <subfield code="t">4</subfield>
    <subfield code="w">2012-06-18</subfield>
    <subfield code="y">BK</subfield>
  </datafield>
  <datafield tag="952" ind1=" " ind2=" ">
    <subfield code="0">0</subfield>
    <subfield code="1">0</subfield>
    <subfield code="2">lcc</subfield>
    <subfield code="4">0</subfield>
    <subfield code="7">0</subfield>
    <subfield code="a">WIUC-1</subfield>
    <subfield code="b">WIUC-1</subfield>
    <subfield code="d">2012-06-18</subfield>
    <subfield code="l">0</subfield>
    <subfield code="o">HV9950.Ad3534</subfield>
    <subfield code="p">3888/12</subfield>
    <subfield code="r">2012-06-18 00:00:00</subfield>
    <subfield code="t">5</subfield>
    <subfield code="w">2012-06-18</subfield>
    <subfield code="y">BK</subfield>
  </datafield>
</record>
